01037nam a2200193Ia 4500001001100000003001000011008004100021040002500062041001300087100001800100245008700118250001100205260008900216300001200305500019500317501011400512520019500626650002200821L900-39945IT-CnALBA170116s9999||||xx |||||||||||||| ||und|| aIT-CnALBAcIT-CnALBA aITALIANO aGRIMBERG CARL 0aSTORIA UNIVERSALE VOL. X. LA BORGHESIA LIBERALE E IL SORGERE DELLE NAZIONALITÀ.  a1a ed. aMILANObDALL'OGLIO CORBACCIO EDITORE c1966 [1° Ed.:1966 - Ed.Ling.Originale: 1966] a349 p.  aTRADUZIONE DI LIGUORI R. RIVOLUZIONE INDUSTRIALE. REAZIONE E RIVOLUZIONE. RIVOLUZIONE FEBBRAIO 1848. SOLDATI CONTRO I DEMOCRATICI. I VITTORIANI. IL SECONDO IMPERO. BISMARCK E NAPOLEONE III.  aSocietà San Paolo EM - Piazza San Paolo, 14 - 12051 ALBA (CN) (non commercial uses only) ® Copyright 2017 aTRADUZIONE DI LIGUORI R. RIVOLUZIONE INDUSTRIALE. REAZIONE E RIVOLUZIONE. RIVOLUZIONE FEBBRAIO 1848. SOLDATI CONTRO I DEMOCRATICI. I VITTORIANI. IL SECONDO IMPERO. BISMARCK E NAPOLEONE III.  aSTORIA UNIVERSALE